| 000 | 01083cam a2200289 a 4500 | ||
|---|---|---|---|
| 001 | 618874 | ||
| 003 | OSt | ||
| 005 | 20230717083430.0 | ||
| 008 | 920425s1992 dcu b 000 0 eng | ||
| 010 | _a 92081518 | ||
| 020 | _a0915825821 | ||
| 040 |
_aDLC _cDLC |
||
| 082 | 0 | 0 |
_a363.7 _bKIM |
| 100 | 1 | _aKimball, Lee A. | |
| 245 | 1 | 0 |
_aForging international agreement : _bstrengthening inter-governmental institutions for environment and development / _cLee A. Kimball ; with the assistance of William Boyd. |
| 260 |
_aWashington, D.C., USA : _bWorld Resources Institute, _cc1992. |
||
| 300 |
_ax, 84 p. ; _c28 cm. |
||
| 500 | _a"April 1992." | ||
| 504 | _aIncludes bibliographical references (p. 57-64). | ||
| 650 | 0 |
_aEnvironmental policy _xInternational cooperation. |
|
| 650 | 0 | _aEconomic assistance. | |
| 700 | 1 |
_aBoyd, William, _d1967- |
|
| 710 | 2 | _aWorld Resources Institute. | |
| 906 |
_a7 _bcbc _corignew _d2 _eopcn _f19 _gy-gencatlg |
||
| 942 |
_2ddc _cBK |
||
| 999 |
_c3969 _d3969 |
||